000 02545nas a22001697a 4500
008 210325b th ||||| |||| 00| 0 tha d
022 _a15136378
041 0 _atha
245 1 0 _aนิตยสารเทคโนโลยีเกษตรแนวใหม่
260 3 _bบริษัทเอเชียแปซิฟิคออฟเซ็ท จำกัด
310 _aรายเดือน
850 _aNALT
942 _cJNR
997 _c41085
999 _c81085
_d81085